The European internal market. Trade and Competition /
Saved in:
| Other Authors: | , |
|---|---|
| Format: | Book |
| Language: | English |
| Published: |
New York :
Oxford University Press,
1989
|
| Subjects: | |
| Tags: |
No Tags, Be the first to tag this record!
|
MARC
| LEADER | 00000nam a22000003a 4500 | ||
|---|---|---|---|
| 001 | stu1299 | ||
| 005 | 20150617225618.6 | ||
| 008 | 920218s1989----xxu-----------------eng-d | ||
| 040 | |a STU |b slo | ||
| 041 | 0 | |a eng | |
| 044 | |a xxu | ||
| 080 | |a 339.1(4) |7 stu_us_auth*stu8138 | ||
| 100 | 1 | |a Jacquemin, Alexis |4 com | |
| 245 | 1 | |a The European internal market. Trade and Competition / |c Edit. Jacquemin,Alexis;Edit. Sapir,André | |
| 260 | |a New York : |b Oxford University Press, |c 1989 | ||
| 300 | |a 382 s | ||
| 650 | 7 | |a európsky trh |2 stusub | |
| 650 | 7 | |a Európske spoločenstvo |2 stusub | |
| 650 | 7 | |a EHS |2 stusub | |
| 700 | 1 | |a Sapir, André |4 com | |
| 996 | |b E75931 |c R*75931 |l RRUM |s A |a 24 |w stu1299_0001 | ||